Catálogo
 En Linea

Mexico-Caribbean trade & economic relations / (Registro nro. 27312)

Detalles MARC
000 -CABECERA
campo de control de longitud fija 00697nam a2200181 a 4500
001 - NÚMERO DE CONTROL
campo de control 000027820
005 - FECHA Y HORA DE LA ÚLTIMA TRANSACCIÓN
campo de control 20200930031125.0
008 - DATOS DE LONGITUD FIJA--INFORMACIÓN GENERAL
campo de control de longitud fija 110405s2000 tr a 000 0 spa d
020 ## - NÚMERO INTERNACIONAL ESTÁNDAR DEL LIBRO
Número Internacional Estándar del Libro 9766201412
040 ## - FUENTE DE LA CATALOGACIÓN
Centro catalogador/agencia de origen DO-SdBNP
Lengua de catalogación spa
Centro/agencia transcriptor BNPHU
082 ## - NÚMERO DE LA CLASIFICACIÓN DECIMAL DEWEY
Número de clasificación xxx
Número de documento/Ítem xxx
111 1# - ENTRADA PRINCIPAL--NOMBRE DE CONGRESO/REUNIÓN
Nombre de congreso/reunión o jurisdicción como elemento de entrada Conference on Mexico-Caribbean Trade & Economic Relations
Número del congreso/reunión o número de parte o sección (23-24 of june
Fecha del congreso/reunión 1997:
Sede del congreso/Lugar de la reunión Trinidad)
9 (RLIN) 54890
245 10 - MENCIÓN DE TÍTULO
Título Mexico-Caribbean trade & economic relations /
Mención de responsabilidad, etc. editor, Dennis Pantin.
260 ## - PUBLICACIÓN, DISTRIBUCIÓN, ETC.
Lugar de publicación, distribución, etc. St. Augustine, Trinidad : Deptment of Economics, Faculty of Social Sciences, University of the West Indies.
300 ## - DESCRIPCIÓN FÍSICA
Extensión vii, 181
-- ill ;
Dimensiones 28 cm.
504 ## - NOTA DE BIBLIOGRAFÍA, ETC.
Nota de bibliografía, etc. Bibliography: p. 179-180
700 12 - PUNTO DE ACCESO ADICIONAL--NOMBRE DE PERSONA
Nombre de persona Pantin, Dennis
Término indicativo de función/relación tr.
9 (RLIN) 54891
Existencias
Estado de retiro Estado de pérdida Restricciones de uso No para préstamo Código de colección Localización permanente Ubicación/localización actual Ubicación en estantería Fecha de adquisición Número de inventario Total de préstamos Signatura topográfica completa Código de barras Fecha visto por última vez Precio válido a partir de Tipo de ítem Koha
      Excluido de préstamo Monografías: Libros y Folletos General General En catalogación 22.10.2012 LF1   xxx xxx 27820-20 25.06.2020 25.06.2020 No se presta

Con tecnología Koha